| 000 | 00406cam a2200169ua 4500 | ||
|---|---|---|---|
| 041 |
_amal _h |
||
| 082 |
_a894.812308 _bBAS/SH |
||
| 100 |
_aBhaskaran, Tatapuram . _95972 |
||
| 245 |
_aShapikkappetta Shapadam / _cTatapuram Bhaskaran. _hTextual Documents |
||
| 260 |
_aThrissur : _bCurrent Books , _c1985. |
||
| 300 | _a259 ; . | ||
| 504 | _a | ||
| 942 | _cBK | ||
| 999 |
_c54 _d54 |
||
| 003 | @ | ||
| 003 | OSt | ||